Highest Grossing Sequels - Statistics

General Stats
  • This quiz has been taken 23 times
  • The average score is 65 of 200
Answer Stats
Hint Answer % Correct
1. (2019) 2,748,242,781 Avengers Endgame
85%
19. (2016) 1,151,899,586 Captain America Civil War
77%
6. (2024) 1,698,831,782 Inside Out 2
77%
101. (2010) 621,156,389 Iron Man 2
77%
18. (2013) 1,214,630,956 Iron Man 3
77%
65. (2004) 795,888,127 Spider-Man 2
77%
51. (2007) 895,937,268 Spider-Man 3
77%
3. (2015) 2,056,046,835 Star Wars The Force Awakens
77%
36. (2008) 1,010,086,005 The Dark Knight
77%
25. (2012) 1,082,228,107 The Dark Knight Rises
77%
2. (2022) 2,320,250,281 Avatar The Way Of Water
69%
4. (2018) 2,048,359,754 Avengers Infinity War
69%
58. (2022) 859,208,836 Black Panther Wakanda Forever
69%
71. (2018)786,362,370 Deadpool 2
69%
38. (2013) 975,21,835 Despicable Me 2
69%
7. (2015) 1,671,063,641 Jurassic World
69%
5. (2021) 1,921,206,586 Spider-Man No Way Home
69%
13. (2017) 1,322,581,071 Star Wars The Last Jedi
69%
59. (2017) 850,482,778 Thor Ragnarök
69%
122. (1999) 511,358,276 Toy Story 2
69%
28. (2010) 1,068,879,522 Toy Story 3
69%
26. (2019) 1,071,177,215 Toy Story 4
69%
100. (2018) 623,144,660 Ant-Man & The Wasp
62%
11. (2015) 1,395,316,979 Avengers Age Of Ultron
62%
148 (2025) 405,837,129 Captain America Brave New World
62%
83. (2014) 714,401,889 Captain America The Winter Soldier
62%
12. (2024) 1,338,071,348 Deadpool & Wolverine
62%
10. (2019) 1,451,653,316 Frozen 2
62%
56. (2017) 869,087,963 Guardians Of The Galaxy Vol 2
62%
61. (2023) 845,555,777 Guardians Of The Galaxy Vol 3
62%
129. (1983) 482,365,284 Return Of The Jedi
62%
48. (2004) 933,848,612 Shrek 2
62%
20. (2019) 1,132,298,674 Spider-Man Far From Home
62%
86. (2014) 709,672,746 The Amazing Spider-Man 2
62%
114. (1980) 549,001,086 The Empire Strikes Back
62%
74. (2022) 760,928,081 Thor Love & Thunder
62%
163. (1995) 336,688,945 Batman Forever
54%
33. (2017) 1,032,809,657 Despicable me 3
54%
39. (2024) 971,049,090 Despicable Me 4
54%
43. (2022) 952,224,986 Doctor Strange In The Multiverse Of Madness
54%
72. (2004) 784,234,714 Harry Potter & The Prisoner Of Azkaban
54%
37. (2022) 1,004,004,592 Jurassic World Dominion
54%
30. (2024) 1,059,238,060 Moana 2
54%
27. (2019) 1,069,951,814 Star Wars The Rise Of Skywalker
54%
121. (1991) 515,344,899 Terminator 2 Judgment Day
54%
98. (2013) 644,602,516 Thor The Dark World
54%
77. (2014) 747,862,775 X-Men Days Of Future Past
54%
112. (2011) 560,155,383 Cars 2
46%
155. (2017) 383,541,369 Cars 3
46%
44. (2010) 943,476,160 Harry Potter & The Deathly Hallows Part 1
46%
14. (2011) 1,311,412,625 Harry Potter & The Deathly Hallows Part 2
46%
53. (2005) 886,12,502 Harry Potter & The Goblet Of Fire
46%
49. (2009) 926,492,031 Harry Potter & The Half Blood Prince
46%
46. (2007) 937,961,254 Harry Potter & The Order Of The Phoenix
46%
16.(2018) 1,242,805,359 Incredibles 2
46%
159. (2001) 365,900,000 Jurassic Park 3
46%
15. (2018) 1,308,323,302 Jurassic World Fallen Kingdom
46%
76. (2010) 756,244,673 Shrek Forever After
46%
31. (1999) 1,046,513,456 Star Wars The Phantom Menace
46%
57. (2013) 864,808,014 The Hunger Games Catching Fire
46%
147. (2003) 306,348,630 X2
46%
161. (2011) 355,408,305 X-Men First Class
46%
135. (2006) 459,260,946 X-Men The Last Stand
46%
188.(1986) 183,291,893 Aliens
38%
176. (1992) 266,970,061 Batman Returns
38%
164. (1984) 333,080,271 Indiana Jones & The Temple Of Doom
38%
104. (2017) 614,202,315 Logan
38%
113. (2000) 549,588,516 Mission Impossible 2
38%
152. (2006) 399,387,745 Mission Impossible 3
38%
70. (2018) 786,626,183 Mission Impossible Fallout
38%
79. (2013) 743,455,810 Monsters University
38%
41. (2007) 960,996,492 Pirates Of The Caribbean At Worlds End
38%
29. (2006) 1,066,179,725 Pirates Of The Caribbean Dead Mans Chest
38%
108. (2008) 591,692,078 Quantum Of Solace
38%
64. (2007) 807,330,936 Shrek The Third
38%
23. (2012)1,110,526,981 Skyfall
38%
94. (2002) 656,695,615 Star Wars Attack Of The Clones
38%
60. (2005) 848,998,877 Star Wars Revenge Of The Sith
38%
42. (2013) 959,358,436 The Hobbit The Desolation Of Smaug
38%
73. (2014) 766,575,131 The Hunger Games Mockingjay Part 1
38%
97. (2015) 646,219,954 The Hunger Games Mockingjay Part 2
38%
145.(2013) 416,456,852 The Wolverine
38%
181. (2017) 238,521,247 Alien Covenant
31%
107. (2006) 594,420,216 Casino Royale
31%
84. (2023) 714,375,114 Fast X
31%
34. (2016) 1,025,006,125 Finding Dory
31%
8. (2015) 1,511,986,364 Furious 7
31%
184. (1989) 215,500,000 Ghostbusters 2
31%
134. (2024) 460,942,092 Gladiator 2
31%
103. (2014) 614,586,270 How To Train Your Dragon 2
31%
69. (2008) 786,635,413 Indiana Jones & The Kingdom Of The Crystal Skull
31%
132. (1989) 484,171,806 Indiana Jones & The Last Crusade
31%
21. (2003) 1,123,837,908 Lord Of The Rings Return Of The King
31%
50. (2002) 921,711,177 Lord Of The Rings The Two Towers
31%
47. (2022) 937,706,494 Minions The Rise Of Gru
31%
88. (2011) 694,713,230 Mission Impossible Ghost Protocol
31%
89. (2015) 688,858,992 Mission Impossible Rogue Nation
31%
75. (2021) 758,929,771 No Time To Die
31%
117. (2018) 529,290,830 Ralph Breaks The Internet
31%
55. (2015) 879,077,344 Spectre
31%
92. (2023) 681,138,413 Spider-Man Across The Spider-Verse
31%
17. (2017) 1,235,534,014 The Fate Of The Furious
31%
45. (2014) 940,323,039 The Hobbit The Battle Of The Five Armies
31%
102. (1997) 618,638,999 The Lost World Jurassic Park
31%
80. (2003) 738,576,929 The Matrix Reloaded
31%
143. (2003) 427,300,260 The Matrix Revolutions
31%
9. (2022) 1,454,001,110 Top Gun Maverick
31%
105. (2017) 602,893,340 Transformers The Last Knight
31%
123. (2021) 501,546,922 Venom Let There Be Carnage
31%
136. (2024) 451,900,435 Beetlejuice Beetlejuice
23%
196. (2002) 154,338,601 Blade 2
23%
177. (2017) 258,157,449 Blade Runner 2049
23%
82. (2024) 714,711,520 Dune Part Two
23%
99. (2011) 629,975,898 Fast Five
23%
68. (2013) 789,300,444 Fast & Furious 6
23%
190. (2017) 171,529,887 John Wick Chapter 2
23%
166. (2019) 326,685,379 John Wick Chapter 3
23%
40. (2017) 961,632,807 Jumanji Welcome To The Jungle
23%
137. (2002) 441,767,803 Men In Black 2
23%
95. (2012) 654,213,485 Men In Black 3
23%
32. (2011) 1,045,713,802 Pirates Of The Caribbean On Stranger Tides
23%
128. (2022) 485,254,377 Puss In Boots The Last Wish
23%
185. (1979) 200,182,160 Rocky 2
23%
174. (1982) 270,000,000 Rocky 3
23%
170. (1985) 300,373,716 Rocky 4
23%
197. (2005) 152,925,093 Saw 2
23%
189. (1997) 172,363,301 Scream 2
23%
193. (2000) 161,838,076 Scream 3
23%
191. (2023) 169,063,850 Scream 6
23%
183. (2015) 217,214,143 Ted 2
23%
179. (2019) 250,367,666 Terminator Dark Fate
23%
109. (2011) 586,764,305 The Hangover Part 2
23%
35. (2012) 1,014,938,545 The Hobbit an Unexpected Journey
23%
140. (2001) 435,040,395 The Mummy Returns
23%
194. (2018) 159,487,536 The Predator
23%
192. (2021) 168,717,425 The Suicide Squad
23%
24. (2014) 1,104,054,072 Transformers Age Of Extinction
23%
22. (2011) 1,123,794,079 Transformers Dark Of The Moon
23%
62. (2009) 836,519,699 Transformers Revenge Of The Fallen
23%
131. (2024) 474,492,936 Venom The Last Dance
23%
126. (2009) 490,875,846 Angels & Demons
15%
144. (2020) 424,471,663 Bad Boys For Life
15%
85. (2014) 710,644,566 Dawn Of The Planet Of The Apes
15%
178. (2018) 255,416,089 Halloween
15%
162. (2001) 350,100,280 Hannibal
15%
138. (2023) 440,320,578 John Wick Chapter 4
15%
182. (1989) 227,300,000 Lethal Weapon 2
15%
167. (1992) 319,700,000 Lethal Weapon 3
15%
172. (1998) 285,400,000 Lethal Weapon 4
15%
78. (2012) 746,921,271 Madagascar 3 Europe's Most Wanted
15%
157. (2015) 380,463,726 Mad Max Fury Road
15%
149. (2022) 403,824,597 Sonic The Hedgehog 2
15%
141. (2003) 433,058,296 Terminator 3 Rise Of The Machines
15%
142. (2015) 432,150,894 Terminator Genisys
15%
160. (2009) 365,491,792 Terminator Salvation
15%
139. (2023) 439,241,749 Transformers Rise Of The Beasts
15%
151. (2010) 399,866,199 Tron Legacy
15%
158. (2024) 372,086,959 Twisters
15%
127. (2017) 489,592,267 War For The Planet Of The Apes
15%
171. (2020) 296,650,356 a Quiet Place Part 2
8%
165. (1989) 331,971,868 Back To The Future Part 2
8%
180. (1990) 244,087,259 Back To The Future Part 3
8%
173. (2003) 273,271,982 Bad Boys 2
8%
81. (2021) 719,360,068 F9 The Fast Saga
8%
156. (2019) 383,299,914 Godzilla King Of The Monsters
8%
130. (2015)474,800,000 Hotel Transylvania 2
8%
133. (2019)467,561,586 It Chapter Two
8%
66. (2019) 795,356,912 Jumanji The Next Level
8%
154. (2024) 397,369,969 Kingdom Of The Planet Of The Apes
8%
93. (2011) 664,837,547 Kung Fu Panda 2
8%
120. (2016) 520,189,225 Kung Fu Panda 3
8%
115. (2024) 547,835,016 Kung Fu Panda 4
8%
199. (2010) 127,234,389 Predators
8%
200. (2023 125,219,714 Saw X
8%
125. (2024) 491,012,732 Sonic The Hedgehog 3
8%
186.(1981) 190,400,000 Superman 2
8%
187. (2009) 187,384,627 The Final Destination
8%
168. (2017) 305,384,865 Anabelle Creation
0%
150. (2024) 400,526,237 Bad Boys Ride Or Die
0%
195. (2011) 155,011,165 Final Destination 5
0%
110. (2024) 572,305,338 Godzilla x Kong The New Empire
0%
118. (2018) 527,361,714 Hotel Transylvania 3 Summer Vacation
0%
119. (2019) 52,979,901 How To Train Your Dragon The Hidden World
0%
54. (2012) 879,765,137 Ice Age Continental Drift
0%
52. (2009) 886,686,817 Ice Age Dawn Of The Dinosaurs
0%
96. (2006) 651,899,282 Ice Age The Meltdown
0%
146. (2017) 408,803,696 Kingsman The Golden Circle
0%
106. (2008) 599,680,774 Madagascar 2 Escape Africa
0%
153. (2023) 397,833,033 Meg 2 The Trench
0%
111. (2023) 565,57,048 Mission Impossible Dead Reckoning Part One
0%
67. (2017) 794,861,794 Pirates Of The Caribbean Dead Man Tell No Tales
0%
124. (2014) 492,846,291 Rio 2
0%
116. (201) 535,663,443 Sherlock Holmes a Game Of Shadows
0%
198. (2024) 138,024,364 Smile 2
0%
175. (2023) 269,670,590 The Nun 2
0%
91. (2011) 683,212,735 The Twilight Saga Breaking Dawn Part 1
0%
63. (2012) 829,724,737 The Twilight Saga Breaking Dawn Part 2
0%
87. (2010) 706,101,755 The Twilight Saga Eclipse
0%
90. (2009) 687,556,547 The Twilight Saga New Moon
0%
169. (2012) 305,270,083 Wrath Of The Titans
0%
No matching quizzes found
Score Distribution
Percent of People with Each Score
Percentile by Number Answered
Your Score History
You have not taken this quiz